Le Pays Breda / (Record no. 167712)

MARC details
000 -LEADER
campo de control de longitud fija 00562nam a22001815i 4500
001 - NÚMERO DE CONTROL
campo de control 167712
003 - IDENTIFICADOR DE NÚMERO DE CONTROL
campo de control ES-MaACL
005 - FECHA Y HORA DE LA ÚLTIMA TRANSACCIÓN
campo de control 20230906213559.0
008 - DATOS DE LONGITUD FIJA--INFORMACIÓN GENERAL
campo de control de longitud fija 050928s1853 fr | |||||||| ||fre d
040 ## - FUENTE DE CATALOGACIÓN
Centro catalogador/agencia de origen CAM
Lengua de catalogación spa
Centro/agencia transcriptor CAM
100 1# - ENTRADA PRINCIPAL--NOMBRE DE PERSONA
Nombre de persona Vitreuil, Oneddy.
9 (RLIN) 133799
245 13 - MENCIÓN DEL TÍTULO
Título Le Pays Breda /
Mención de responsabilidad, etc. par Oneddy Vitreuil.
260 ## - PUBLICACIÓN, DISTRIBUCIÓN, ETC.
Lugar de publicación, distribución, etc. Paris :
Nombre del editor, distribuidor, etc. Michel Lévy, libraires-éditeurs,
Fecha de publicación, distribución, etc. 1853 (
Fabricante Typ. de Mme Ve Dondey-Dupré)
300 ## - DESCRIPCIÓN FÍSICA
Extensión 319 ;
Dimensiones 18 cm.
700 2# - ENTRADA AGREGADA--NOMBRE PERSONAL
Nombre de persona Lèvy, Michel, Frères.
9 (RLIN) 188560
852 ## - LOCALIZACIÓN
Ubicación ES-MaACL
Número de control de estantería G-9248
Nota libre -- Enc. hol.
Holdings
Estatus retirado Estado de pérdida Estado de daño No para préstamo Colección Biblioteca de origen Biblioteca actual Ubicación en estantería Fecha de adquisición Fuente de adquisición Total de préstamos Signatura topográfica completa Código de barras Visto por última vez Precio de reemplazo Tipo de ítem Koha
        Libros del s. XIX Biblioteca del Ateneo de Madrid Biblioteca del Ateneo de Madrid Sala Pecera Planta 3 17/01/2008     G-9248 1175947 23/02/2023 23/02/2023 Libro impreso antiguo